Normal view
MARC view
- Smith, Ralph Judson
Entry Personal Name
001 - CONTROL NUMBER
- control field: 101469
003 - CONTROL NUMBER IDENTIFIER
- control field: NUST
005 - DATE AND TIME OF LATEST TRANSACTION
- control field: 20221027103616.0
008 - FIXED-LENGTH DATA ELEMENTS
- fixed length control field: 221027|| aca||aabn | a|a d
040 ## - CATALOGING SOURCE
- Original cataloging agency: NUST
- Transcribing agency: NUST
100 ## - HEADING--PERSONAL NAME
- Personal name: Smith, Ralph Judson
670 ## - SOURCE DATA FOUND
- Source citation: Work cat.: (NUST)175501: Smith, Ralph Judson., Circuits, devices, and systems :, c1992.
